UBT Library

The working reader / (Record no. 39093)

000 -LEADER
fixed length control field 00578cam a2200217 a 4500
001 - CONTROL NUMBER
control field 207197
005 - DATE AND TIME OF LATEST TRANSACTION
control field 20171218081033.0
008 - FIXED-LENGTH DATA ELEMENTS--GENERAL INFORMATION
fixed length control field 990401s2001 mau 001 0 eng
010 ## - LIBRARY OF CONGRESS CONTROL NUMBER
LC control number 99071992
020 ## - INTERNATIONAL STANDARD BOOK NUMBER
International Standard Book Number 0395929202
040 ## - CATALOGING SOURCE
Original cataloging agency DLC
Transcribing agency DLC
Modifying agency DLC
041 ## - LANGUAGE CODE
Language code of text/sound track or separate title eng
080 ## - UNIVERSAL DECIMAL CLASSIFICATION NUMBER
Universal Decimal Classification number 808.0247
082 00 - DEWEY DECIMAL CLASSIFICATION NUMBER
Classification number 808.0247 CON
Edition number 21
100 ## - Rafti
Rafti 46
101 ## - Shkurtesa
Shkurtesa EDU
245 04 - TITLE STATEMENT
Title The working reader /
Statement of responsibility, etc [compiled by] Mary Lou Conlin.
906 ## - LOCAL DATA ELEMENT F, LDF (RLIN)
a 7
b cbc
c orignew
d 2
e opcn
f 19
g y-gencatlg
942 ## - ADDED ENTRY ELEMENTS (KOHA)
Source of classification or shelving scheme
Item type Books
Holdings
Withdrawn status Lost status Source of classification or shelving scheme Damaged status Not for loan Collection code Permanent location Current location Shelving location Date acquired Total Checkouts Full call number Barcode Date last seen Price effective from Koha item type
          Koleksioni i përgjithshem UBT - Lipjan UBT - Lipjan Koleksioni i përgjithshem 12/18/2017   808.0247 CON 002-2939636 12/18/2017 12/18/2017 Books
UBT Library © 2015-2024. All rights reserved University Education for Business and Technology